[Event "16th Reykjavik op"]
[Site "Reykjavik ISL"]
[Date "1994.02.07"]
[Round "3"]
[White "Bjornsson, Tomas"]
[Black "Bjarnason, Saevar"]
[Result "0-1"]
[WhiteElo "2260"]
[BlackElo "2315"]
[EventDate "1994.02.05"]
[PlyCount "84"]

1.e4 e6 2.d3 d5 3.Nd2 c5 4.Ngf3 Nc6 5.g3 Nf6 6.Bg2 Be7 7.O-O O-O 8.e5 Ne8 
9.Re1 f5 10.d4 c4 11.h4 Nc7 12.Nf1 h6 13.h5 b5 14.N3h2 b4 15.c3 Bd7 16.f4 
bxc3 17.bxc3 Nb5 18.Bd2 Qa5 19.Re3 Ba3 20.Rb1 Ne7 21.Bh3 Rab8 22.g4 fxg4 
23.Qxg4 Nf5 24.Qg6 Nxe3 25.Nxe3 Nxd4 26.Rxb8 Rxb8 27.Nhg4 Be8 28.Nf6+ Kf8 
29.Nxe8 Rxe8 30.Qg2 Nc6 31.f5 Bc5 32.fxe6 Qc7 33.Kh1 Bxe3 34.Bxe3 Qxe5 35.
Qf3+ Qf6 36.Qxd5 Ne7 37.Qe4 Kg8 38.Bd4 Qg5 39.Bg4 Rf8 40.Be3 Qh4+ 41.Kg2 
Qe1 42.Qe5 Rf2+ 0-1

[Event "16th Reykjavik op"]
[Site "Reykjavik ISL"]
[Date "1994.02.07"]
[Round "3"]
[White "Thorsson, Olafur"]
[Black "Steingrimsson, Hedinn"]
[Result "0-1"]
[WhiteElo "2180"]
[BlackElo "2420"]
[EventDate "1994.02.05"]
[PlyCount "78"]

1.d4 d5 2.c4 c6 3.Nf3 Nf6 4.Nc3 e6 5.e3 Nbd7 6.Qc2 Bd6 7.Be2 O-O 8.O-O Re8
9.b3 Qe7 10.Bb2 b6 11.e4 Nxe4 12.Nxe4 dxe4 13.Qxe4 Bb7 14.Rad1 Nf6 15.Qh4 
c5 16.dxc5 Bxc5 17.Bd3 Bxf3 18.gxf3 e5 19.Rfe1 Qc7 20.Bf5 a5 21.a4 Re7 22.
Bc1 Qc6 23.Rd5 h6 24.Bxh6 gxh6 25.Qxh6 Bxf2+ 26.Kf1 Bxe1 27.Bh7+ Kh8 28.
Be4+ Kg8 29.Bh7+ Kh8 30.Bf5+ Kg8 31.Kxe1 Re6 32.Bxe6 Qxe6 33.Rd2 Ng4 34.
Qxe6 fxe6 35.fxg4 Kg7 36.Rd6 Kf6 37.Kf2 Rh8 38.h4 Ke7 39.Rxb6 Rf8+ 0-1

[Event "16th Reykjavik op"]
[Site "Reykjavik ISL"]
[Date "1994.02.07"]
[Round "3"]
[White "Ulfarsson, Magnus"]
[Black "Briem, Stefan"]
[Result "1-0"]
[WhiteElo "2250"]
[BlackElo "2205"]
[EventDate "1994.02.05"]
[PlyCount "76"]

1.e4 e5 2.Nf3 Nf6 3.Nxe5 d6 4.Nf3 Nxe4 5.d4 d5 6.Bd3 Nc6 7.O-O Be7 8.c4 
Nf6 9.h3 Nb4 10.Be2 dxc4 11.Bxc4 O-O 12.Nc3 Nbd5 13.Re1 c6 14.Qb3 Nb6 15.
Bf1 h6 16.Bd2 Qd6 17.Qc2 Be6 18.Ne4 Nxe4 19.Qxe4 Qd5 20.Qf4 Rad8 21.Bd3 g5
22.Qe3 c5 23.Bc3 c4 24.Bc2 Rfe8 25.Ne5 Qd6 26.Qe4 f5 27.Qf3 Qd5 28.Qh5 Bf7
29.Qxh6 Rd6 30.Nxf7 Qxf7 31.Rxe7 Qxe7 32.Qh5 Nd5 33.Bxf5 Nf4 34.Qg4 Ne2+ 
35.Kh1 Nxc3 36.bxc3 Qg7 37.Rb1 b6 38.Bc2 Rde6 1-0

[Event "16th Reykjavik op"]
[Site "Reykjavik ISL"]
[Date "1994.02.07"]
[Round "3"]
[White "Karason, Askell"]
[Black "Van Parreren, Hanneke"]
[Result "1-0"]
[WhiteElo "2225"]
[BlackElo "2195"]
[EventDate "1994.02.05"]
[PlyCount "80"]

1.d4 d6 2.e4 Nf6 3.Nc3 g6 4.Be3 c6 5.Qd2 b5 6.Bd3 Nbd7 7.Nf3 Nb6 8.e5 Nfd5
9.Nxd5 Nxd5 10.Be4 Bg7 11.a4 Be6 12.axb5 cxb5 13.Bh6 O-O 14.Bxg7 Kxg7 15.
h4 h5 16.Ng5 Qd7 17.O-O Rac8 18.Nxe6+ Qxe6 19.Rxa7 Nb6 20.Re1 dxe5 21.Bd3 
Nc4 22.Qb4 Qb6 23.Qxe7 Qxd4 24.b3 Rce8 25.Qd7 Nd6 26.Ra6 Rd8 27.Qc6 b4 28.
g3 e4 29.Rd1 exd3 30.Rxd3 Qe4 31.Rxd6 Qe1+ 32.Kg2 Rc8 33.Rxg6+ fxg6 34.
Qxg6+ Kh8 35.Qxh5+ Kg7 36.Qg6+ Kh8 37.Qh6+ Kg8 38.Re6 Qa1 39.Rg6+ Kf7 40.
Qh7+ Ke8 1-0

[Event "16th Reykjavik op"]
[Site "Reykjavik ISL"]
[Date "1994.02.08"]
[Round "4"]
[White "Atalik, Suat"]
[Black "Zvjagintsev, Vadim"]
[Result "1/2-1/2"]
[WhiteElo "2530"]
[BlackElo "2545"]
[EventDate "1994.02.05"]
[PlyCount "100"]

1.d4 d5 2.c4 c6 3.Nc3 Nf6 4.e3 e6 5.Nf3 Nbd7 6.Qc2 Bd6 7.Be2 O-O 8.O-O b6 
9.e4 dxe4 10.Nxe4 Nxe4 11.Qxe4 Bb7 12.Bf4 Nf6 13.Qe3 Ng4 14.Qe4 Nf6 15.Qe3
Ng4 16.Qd2 c5 17.Rad1 Rc8 18.Ne5 Nf6 19.Qe3 Qc7 20.dxc5 Bxc5 21.Qc1 Qe7 
22.Bg5 Rfd8 23.Rxd8+ Rxd8 24.Ng4 Be4 25.Qf4 Bf5 26.Bxf6 gxf6 27.Nh6+ Kg7 
28.Nxf5+ exf5 29.Qg3+ Kh8 30.Bd3 Qd6 31.Qxd6 Rxd6 32.Rd1 f4 33.Kf1 Kg7 34.
Ke2 f5 35.Bxf5 Rxd1 36.Kxd1 Bxf2 37.b4 h5 38.Ke2 Bg1 39.h4 Kf6 40.Be4 Bh2 
41.Kd3 Ke5 42.Bf3 Bg3 43.c5 bxc5 44.bxc5 Bxh4 45.Kc4 Bf2 46.Bxh5 f5 47.a4 
Bg1 48.Bf3 Bf2 49.a5 Bg1 50.Kb5 Bf2 1/2-1/2

[Event "16th Reykjavik op"]
[Site "Reykjavik ISL"]
[Date "1994.02.08"]
[Round "4"]
[White "Sokolov, Ivan"]
[Black "Olafsson, Helgi"]
[Result "1/2-1/2"]
[WhiteElo "2650"]
[BlackElo "2535"]
[EventDate "1994.02.05"]
[PlyCount "96"]

1.d4 Nf6 2.c4 e6 3.Nf3 b6 4.Nc3 Bb7 5.a3 d5 6.Qc2 Be7 7.cxd5 Nxd5 8.Bd2 
O-O 9.e4 Nxc3 10.Bxc3 Nd7 11.Rd1 Qe8 12.Bd3 c5 13.d5 exd5 14.exd5 Nf6 15.
O-O Qd8 16.Rfe1 Bd6 17.Bxf6 Qxf6 18.Bxh7+ Kh8 19.Be4 Rae8 20.h4 Re7 21.Ng5
Rfe8 22.g3 Bc8 23.Re3 g6 24.Rde1 Bd7 25.Kg2 Kg8 26.b3 b5 27.a4 a6 28.axb5 
axb5 29.Qa2 Be5 30.Bf3 Bd4 31.Rxe7 Rxe7 32.Rxe7 Qxe7 33.Ne4 Bf5 34.d6 Qe6 
35.Qa8+ Kg7 36.Qb7 Bxe4 37.Bxe4 Qxd6 38.Qxb5 Qe7 39.Qd3 f5 40.Bd5 Qe1 41.
Qf3 Qd2 42.Ba8 Qc2 43.h5 gxh5 44.Bd5 Kg6 45.Qf4 Qe2 46.Qd6+ Kg7 47.Qd7+ 
Kg6 48.Qf7+ Kg5 1/2-1/2

[Event "16th Reykjavik op"]
[Site "Reykjavik ISL"]
[Date "1994.02.08"]
[Round "4"]
[White "Ibragimov, Ildar"]
[Black "De Firmian, Nick"]
[Result "1/2-1/2"]
[WhiteElo "2525"]
[BlackElo "2580"]
[EventDate "1994.02.05"]
[PlyCount "42"]

1.d4 Nf6 2.c4 e6 3.Nf3 c5 4.d5 exd5 5.cxd5 d6 6.Nc3 g6 7.e4 Bg7 8.h3 O-O 
9.Bd3 b5 10.Bxb5 Nxe4 11.Nxe4 Qa5+ 12.Nfd2 Qxb5 13.Nxd6 Qa6 14.N2c4 Nd7 
15.O-O Nb6 16.Nxb6 Qxb6 17.Nxc8 Raxc8 18.Rb1 Rfd8 19.Bg5 Rd7 20.Qg4 Qb7 
21.Rfd1 h5 1/2-1/2

[Event "16th Reykjavik op"]
[Site "Reykjavik ISL"]
[Date "1994.02.08"]
[Round "4"]
[White "Budnikov, Andrei"]
[Black "Kengis, Edvins"]
[Result "1/2-1/2"]
[WhiteElo "2535"]
[BlackElo "2565"]
[EventDate "1994.02.05"]
[PlyCount "24"]

1.d4 e6 2.c4 b6 3.e4 Bb7 4.Bd3 Nc6 5.Ne2 g6 6.Nbc3 Bg7 7.Be3 Nge7 8.O-O d5
9.cxd5 exd5 10.e5 Qd7 11.Rc1 O-O 12.Nf4 1/2-1/2

[Event "16th Reykjavik op"]
[Site "Reykjavik ISL"]
[Date "1994.02.08"]
[Round "4"]
[White "Shchekachev, Andrei"]
[Black "Kotronias, Vassilios"]
[Result "1/2-1/2"]
[WhiteElo "2470"]
[BlackElo "2545"]
[EventDate "1994.02.05"]
[PlyCount "63"]

1.e4 c5 2.Nc3 Nc6 3.g3 g6 4.Bg2 Bg7 5.d3 d6 6.Nh3 Nf6 7.O-O h5 8.f3 b6 9.
Rb1 Bb7 10.Ng5 Nh7 11.Nxh7 Rxh7 12.f4 Qd7 13.Nd5 e6 14.Ne3 O-O-O 15.a3 h4 
16.g4 h3 17.Bh1 d5 18.b4 cxb4 19.axb4 dxe4 20.dxe4 Qc7 21.Qe1 g5 22.fxg5 
Be5 23.Qf2 Ne7 24.Bb2 Ng6 25.Bxe5 Qxe5 26.Qf6 Rd2 27.Qxe5 Nxe5 28.Rbd1 
Rxd1 29.Rxd1 Rg7 30.Kf2 Rxg5 31.Kg3 Nxg4 32.Nxg4 1/2-1/2

[Event "16th Reykjavik op"]
[Site "Reykjavik ISL"]
[Date "1994.02.08"]
[Round "4"]
[White "Van der Sterren, Paul"]
[Black "Ivanov, Mikhail M."]
[Result "1-0"]
[WhiteElo "2610"]
[BlackElo "2525"]
[EventDate "1994.02.05"]
[PlyCount "78"]

1.d4 d6 2.Nf3 Nf6 3.c4 g6 4.Nc3 Bg7 5.e4 O-O 6.Be2 e5 7.O-O Nc6 8.d5 Ne7 
9.Ne1 Ne8 10.Be3 f5 11.f3 Kh8 12.a4 Ng8 13.a5 Bh6 14.Bf2 Ngf6 15.g4 fxg4 
16.fxg4 Qd7 17.h3 Bf4 18.Nd3 g5 19.Kg2 Ng8 20.Nxf4 gxf4 21.Bf3 Ne7 22.Rh1 
Ng6 23.Qe2 Qe7 24.h4 Rg8 25.Kf1 Bd7 26.Ke1 c5 27.h5 Nf8 28.Bh4 Rg5 29.h6 
Ng6 30.Bxg5 Qxg5 31.Rh5 Qd8 32.g5 Nc7 33.Kd2 Rb8 34.Ra3 b6 35.axb6 Rxb6 
36.Nd1 a6 37.Kc1 Rb4 38.b3 Qb8 39.Qa2 a5 1-0

[Event "16th Reykjavik op"]
[Site "Reykjavik ISL"]
[Date "1994.02.08"]
[Round "4"]
[White "Arnason, Jon"]
[Black "Hjartarson, Johann"]
[Result "1/2-1/2"]
[WhiteElo "2520"]
[BlackElo "2595"]
[EventDate "1994.02.05"]
[PlyCount "38"]

1.e4 e6 2.d4 d5 3.Nd2 Nf6 4.e5 Nfd7 5.c3 c5 6.Bd3 Nc6 7.Ne2 cxd4 8.cxd4 f6
9.exf6 Nxf6 10.O-O Bd6 11.Nf3 Qc7 12.Bg5 O-O 13.Bh4 Nh5 14.Qc2 h6 15.Bg6 
Nf4 16.Nxf4 Bxf4 17.Rad1 Bd7 18.Rfe1 Qb6 19.Qe2 1/2-1/2

[Event "16th Reykjavik op"]
[Site "Reykjavik ISL"]
[Date "1994.02.08"]
[Round "4"]
[White "Van Wely, Loek"]
[Black "Garcia, Gildardo"]
[Result "1/2-1/2"]
[WhiteElo "2570"]
[BlackElo "2520"]
[EventDate "1994.02.05"]
[PlyCount "190"]

1.d4 Nf6 2.c4 e6 3.Nc3 d5 4.Bg5 Nbd7 5.cxd5 exd5 6.e3 Be7 7.Bd3 O-O 8.Nge2
Re8 9.O-O Nf8 10.b4 c6 11.b5 Bd6 12.h3 Ng6 13.bxc6 bxc6 14.Qa4 Bd7 15.Bxf6
Qxf6 16.Nxd5 Qh4 17.Rfc1 Rad8 18.Ndf4 Nxf4 19.exf4 c5 20.Qxa7 cxd4 21.Qxd4
Ba3 22.Rd1 Bg4 23.Qc3 Bxe2 24.Bxe2 Rxd1+ 25.Rxd1 Rxe2 26.g3 Qe7 27.Qc8+ 
Qf8 28.Rd8 Rxa2 29.Rxf8+ Bxf8 30.f5 Rd2 31.g4 h6 32.h4 Rd5 33.Kg2 Rc5 34.
Qd7 Re5 35.f4 Re7 36.Qd8 Ra7 37.g5 Ra6 38.Qe8 Rd6 39.Kf3 Ra6 40.Qc8 Rb6 
41.Qc4 hxg5 42.hxg5 g6 43.f6 Rb4 44.Qd5 Rb1 45.Qc4 Rb4 46.Qc6 Rb1 47.Ke2 
Rb2+ 48.Kd3 Rb3+ 49.Ke4 Rb4+ 50.Ke5 Rb1 51.Qc4 Ra1 52.Kd5 Ra8 53.Qc7 Ra1 
54.f5 Rg1 55.Qf4 gxf5 56.Ke5 Rb1 57.Qc4 Rb4 58.Qd3 Rg4 59.Kxf5 Rg1 60.Qe3 
Rg2 61.Qf3 Rg1 62.Qe3 Rg2 63.Ke4 Rg4+ 64.Kf3 Ra4 65.Qe8 Ra3+ 66.Kg4 Ra1 
67.Qb5 Rc1 68.Qd5 Rc5 69.Qb3 Rc1 70.Kf4 Rf1+ 71.Ke4 Rg1 72.Qd5 Rg3 73.Kf4 
Rg1 74.Kf3 Rc1 75.Qd2 Rg1 76.Qe3 Ra1 77.Qd4 Ra3+ 78.Ke2 Ra6 79.g6 Rd6 80.
Qc3 Re6+ 81.Kf3 fxg6 82.Kg4 Bh6 83.Qc8+ Kf7 84.Qd7+ Kxf6 85.Qd8+ Kf7 86.
Qd5 Ke7 87.Qc5+ Kf7 88.Qd5 Be3 89.Qc4 Bb6 90.Qd5 Kf6 91.Qf3+ Kg7 92.Qb7+ 
Kh6 93.Qf7 Re4+ 94.Kf3 Re3+ 95.Kg4 Re4+ 1/2-1/2

[Event "16th Reykjavik op"]
[Site "Reykjavik ISL"]
[Date "1994.02.08"]
[Round "4"]
[White "Kveinys, Aloyzas"]
[Black "Khenkin, Igor"]
[Result "0-1"]
[WhiteElo "2520"]
[BlackElo "2555"]
[EventDate "1994.02.05"]
[PlyCount "82"]

1.e4 c6 2.d4 d5 3.exd5 cxd5 4.c4 Nf6 5.Nc3 Nc6 6.Bg5 e6 7.Nf3 Be7 8.Be2 
O-O 9.O-O dxc4 10.Bxc4 b6 11.a3 Bb7 12.Re1 Nd5 13.Bxd5 Bxg5 14.Be4 Bf6 15.
Qd3 g6 16.Rad1 Rc8 17.h4 Na5 18.Bxb7 Nxb7 19.h5 Na5 20.hxg6 hxg6 21.Ne5 
Bxe5 22.Rxe5 Nc4 23.Re2 Qf6 24.Ne4 Qf5 25.Qg3 Rfd8 26.b3 Nxa3 27.Nd6 Qh5 
28.f3 Rc6 29.Re5 Qh6 30.Ne4 Rc1 31.Re1 Qe3+ 32.Kh2 Qh6+ 33.Kg1 Nc2 34.Nf6+
Kg7 35.Nh5+ Kf8 36.Rxc1 Qxc1+ 37.Kh2 Rxd4 38.Rc5 bxc5 39.Qb8+ Ke7 40.Qc7+ 
Rd7 41.Qxc5+ Kd8 0-1

[Event "16th Reykjavik op"]
[Site "Reykjavik ISL"]
[Date "1994.02.08"]
[Round "4"]
[White "Pigusov, Evgeny"]
[Black "Ernst, Thomas"]
[Result "1-0"]
[WhiteElo "2570"]
[BlackElo "2480"]
[EventDate "1994.02.05"]
[PlyCount "170"]

1.Nf3 c5 2.c4 Nc6 3.d4 cxd4 4.Nxd4 Nf6 5.Nc3 e6 6.a3 d5 7.cxd5 exd5 8.Bg5 
Be7 9.e3 O-O 10.Bb5 Bd7 11.O-O Nxd4 12.Qxd4 Bxb5 13.Nxb5 Qd7 14.Nc3 Rfd8 
15.Rad1 Qf5 16.Bh4 Qh5 17.Bg3 b6 18.Rd3 Bd6 19.Bxd6 Rxd6 20.h3 h6 21.Rfd1 
Re8 22.Qa4 Re7 23.Rd4 Qe5 24.Qc2 Rd8 25.Na2 Rc7 26.Qb3 Qf5 27.Nc3 Rcd7 28.
Qb5 Qe6 29.a4 Kh8 30.b4 Kg8 31.Qd3 Kh8 32.b5 Kg8 33.Na2 Kh8 34.Nb4 Kg8 35.
Qb3 Kh8 36.f3 Kg8 37.Nc6 Re8 38.e4 Qd6 39.Qb4 Qg3 40.e5 Rxe5 41.Nxe5 Qxe5 
42.Qe1 Qd6 43.Rc1 Re7 44.Qd2 Rc7 45.Rdc4 Rc5 46.Qd4 Nd7 47.Rd1 Nf6 48.Qf4 
Qxf4 49.Rxf4 Kf8 50.Re1 Ne8 51.Rf5 f6 52.Rf4 Kf7 53.Rd4 Nd6 54.g4 g5 55.h4
Nc4 56.f4 gxh4 57.Kg2 Nd6 58.Kh3 Ne4 59.Kxh4 Rc2 60.Re3 Ke6 61.Kh5 Rf2 62.
Rexe4+ dxe4 63.Rxe4+ Kf7 64.Kh4 Rh2+ 65.Kg3 Rc2 66.Rd4 Ke7 67.Kf3 Rc1 68.
Ke4 Ke6 69.f5+ Ke7 70.Kf4 Rf1+ 71.Kg3 Rg1+ 72.Kf2 Rc1 73.Ke2 Rc5 74.Ke3 h5
75.gxh5 Rxf5 76.Rh4 Kf7 77.h6 Re5+ 78.Kd4 Re8 79.Rg4 Rh8 80.Rg7+ Kf8 81.
Rxa7 Rxh6 82.a5 f5 83.a6 Ke8 84.Rb7 Kd8 85.a7 1-0

[Event "16th Reykjavik op"]
[Site "Reykjavik ISL"]
[Date "1994.02.08"]
[Round "4"]
[White "Wojtkiewicz, Aleksander"]
[Black "Danielsen, Henrik"]
[Result "1-0"]
[WhiteElo "2555"]
[BlackElo "2480"]
[EventDate "1994.02.05"]
[PlyCount "97"]

1.Nf3 Nf6 2.c4 b6 3.g3 Bb7 4.Bg2 e6 5.O-O Be7 6.Nc3 O-O 7.d4 Ne4 8.Bd2 Bf6
9.Rc1 d6 10.Qc2 Nxd2 11.Qxd2 Nd7 12.h4 Qe7 13.Rfd1 g6 14.b4 Bg7 15.d5 Bxc3
16.Qxc3 a5 17.a3 axb4 18.axb4 e5 19.e4 Nf6 20.Nd2 Rfb8 21.c5 bxc5 22.bxc5 
Bc8 23.c6 Bg4 24.Re1 Ne8 25.Nc4 f6 26.Rb1 Rxb1 27.Rxb1 Qd8 28.Ne3 Bc8 29.
Ra1 Rb8 30.Qa3 Kf8 31.Qa7 Rb4 32.Qa8 Ke7 33.Qa5 Rb8 34.Qc3 h5 35.f4 Bg4 
36.fxe5 fxe5 37.Nxg4 hxg4 38.Qe3 Nf6 39.Qh6 Kf7 40.Rf1 Qh8 41.Qg5 Rf8 42.
Qxg4 Kg7 43.Qg5 Rf7 44.Bh3 Rf8 45.Be6 Qh6 46.Qxh6+ Kxh6 47.g4 Kg7 48.Rb1 
Re8 49.Rb4 1-0

[Event "16th Reykjavik op"]
[Site "Reykjavik ISL"]
[Date "1994.02.08"]
[Round "4"]
[White "Rashkovsky, Nukhim"]
[Black "Gislason, Gudmundur"]
[Result "1-0"]
[WhiteElo "2535"]
[BlackElo "2325"]
[EventDate "1994.02.05"]
[PlyCount "88"]

1.d4 Nf6 2.Nf3 g6 3.g3 Bg7 4.Bg2 O-O 5.O-O d5 6.c4 dxc4 7.Na3 c3 8.bxc3 c5
9.e3 Nc6 10.Qe2 Ne4 11.Bb2 cxd4 12.Nxd4 Nc5 13.Rfd1 Qb6 14.Rab1 Na4 15.Ba1
Qc5 16.Nc4 a6 17.Rbc1 Na7 18.Nd2 Nb5 19.c4 Nxd4 20.exd4 Qc7 21.Re1 e6 22.
Ne4 Bd7 23.d5 e5 24.c5 Bb5 25.Qd2 Rad8 26.d6 Qd7 27.f4 f5 28.Ng5 e4 29.
Qd5+ Kh8 30.Bxg7+ Qxg7 31.Ne6 Bc6 32.Qd2 Qf6 33.Nxf8 Rxf8 34.Re3 Rd8 35.
Qb4 h6 36.Qa5 Nb2 37.Bf1 g5 38.Qc3 Qxc3 39.Rexc3 Na4 40.Rb3 Re8 41.Kf2 Bd5
42.Ke3 Rc8 43.Rb4 gxf4+ 44.gxf4 1-0

[Event "16th Reykjavik op"]
[Site "Reykjavik ISL"]
[Date "1994.02.08"]
[Round "4"]
[White "Bronstein, David"]
[Black "Shneider, Alexander"]
[Result "1/2-1/2"]
[WhiteElo "2400"]
[BlackElo "2570"]
[EventDate "1994.02.05"]
[PlyCount "67"]

1.e4 c5 2.Nc3 d6 3.f4 Nc6 4.Nf3 g6 5.Bc4 Bg7 6.d3 e6 7.f5 exf5 8.O-O Nge7 
9.Qe1 h6 10.Kh1 fxe4 11.dxe4 Be6 12.Bb5 a6 13.Bxc6+ Nxc6 14.Bf4 g5 15.Bg3 
O-O 16.Rd1 Nd4 17.Nxd4 cxd4 18.Ne2 Bg4 19.Rd3 Bxe2 20.Qxe2 Qe7 21.Re1 f5 
22.exf5 Qxe2 23.Rxe2 Rxf5 24.h3 Rf1+ 25.Kh2 Rd8 26.Bf2 Be5+ 27.g3 Rb1 28.
b3 Rb2 29.Bxd4 Bxd4 30.Rxd4 Rxa2 31.h4 gxh4 32.Rg4+ Kf7 33.Rf4+ Kg8 34.
Rg4+ 1/2-1/2

[Event "16th Reykjavik op"]
[Site "Reykjavik ISL"]
[Date "1994.02.07"]
[Round "4"]
[White "Bjarnason, Saevar"]
[Black "Petursson, Margeir"]
[Result "0-1"]
[WhiteElo "2315"]
[BlackElo "2550"]
[EventDate "1994.02.05"]
[PlyCount "90"]

1.d4 Nf6 2.c4 e6 3.Nf3 Bb4+ 4.Bd2 c5 5.Bxb4 cxb4 6.e3 O-O 7.a3 bxa3 8.Rxa3
b6 9.Bd3 Bb7 10.Nc3 d6 11.O-O a5 12.e4 Nc6 13.e5 dxe5 14.dxe5 Nd7 15.Qe2 
Nc5 16.Bb1 Nb4 17.Nb5 h6 18.Rd1 Qe7 19.Nfd4 Rad8 20.Rg3 f5 21.Nd6 Nc6 22.
N4b5 Ba6 23.f4 Bxb5 24.cxb5 Na7 25.Rd4 Nc8 26.Ba2 Kh8 27.Qd1 Rd7 28.Nxc8 
Rxd4 29.Qxd4 Rxc8 30.Qc4 Qd7 31.Rc3 Qd1+ 32.Qf1 Qd4+ 33.Kh1 Rd8 34.h3 Ne4 
35.Bxe6 Qxc3 36.bxc3 Ng3+ 37.Kg1 Nxf1 38.Kxf1 g6 39.Ke2 a4 40.h4 a3 41.Ba2
Kg7 42.g3 g5 43.h5 gxf4 44.gxf4 Kf8 45.Bb3 Rd7 0-1

[Event "16th Reykjavik op"]
[Site "Reykjavik ISL"]
[Date "1994.02.08"]
[Round "4"]
[White "Gretarsson, Helgi Ass"]
[Black "Vidarsson, Jon"]
[Result "1-0"]
[WhiteElo "2415"]
[BlackElo "2310"]
[EventDate "1994.02.05"]
[PlyCount "54"]

1.d4 Nf6 2.c4 e6 3.Nf3 Bb4+ 4.Bd2 c5 5.Bxb4 cxb4 6.e3 b6 7.Bd3 Bb7 8.Nbd2 
O-O 9.O-O d6 10.a3 bxa3 11.bxa3 Nbd7 12.Qb1 e5 13.Ng5 h6 14.Nge4 exd4 15.
exd4 d5 16.Nd6 Bc6 17.Re1 dxc4 18.N2xc4 Nd5 19.Ne5 Nxe5 20.dxe5 Nf4 21.Be4
Bxe4 22.Qxe4 Qg5 23.Re3 Ng6 24.Nxf7 Kxf7 25.Qd5+ Ke7 26.Rc1 Rfc8 27.Qb7+ 
1-0

[Event "16th Reykjavik op"]
[Site "Reykjavik ISL"]
[Date "1994.02.08"]
[Round "4"]
[White "Steingrimsson, Hedinn"]
[Black "Ulfarsson, Magnus"]
[Result "1-0"]
[WhiteElo "2420"]
[BlackElo "2250"]
[EventDate "1994.02.05"]
[PlyCount "76"]

1.e4 c5 2.Nf3 Nc6 3.d4 cxd4 4.Nxd4 Nf6 5.Nc3 d6 6.Bg5 e6 7.Qd2 a6 8.O-O-O 
h6 9.Bf4 Bd7 10.Nxc6 Bxc6 11.f3 d5 12.Qe1 Bb4 13.a3 Ba5 14.exd5 Nxd5 15.b4
Nxf4 16.Rxd8+ Bxd8 17.Ne4 Bc7 18.g3 Ng6 19.Bg2 O-O 20.c4 Ne5 21.Qe2 Rfd8 
22.Rd1 Rxd1+ 23.Kxd1 Rd8+ 24.Ke1 Rd4 25.Nd2 Nd3+ 26.Kf1 Bb6 27.Nb3 Rd8 28.
f4 Ba4 29.Be4 Nxf4 30.gxf4 Bxb3 31.c5 Ba4 32.Qa2 Bc7 33.Bxb7 Bxf4 34.Bxa6 
e5 35.Be2 Bxh2 36.b5 e4 37.Qc4 Bd1 38.b6 e3 1-0

[Event "16th Reykjavik op"]
[Site "Reykjavik ISL"]
[Date "1994.02.08"]
[Round "4"]
[White "Thorhallsson, Gylfi"]
[Black "Werner, Bernd-Michael"]
[Result "1-0"]
[WhiteElo "2295"]
[BlackElo "2220"]
[EventDate "1994.02.05"]
[PlyCount "150"]

1.e4 Nf6 2.e5 Nd5 3.d4 d6 4.c4 Nb6 5.Nf3 g6 6.Be2 Bg7 7.exd6 cxd6 8.O-O 
O-O 9.h3 Nc6 10.Nc3 Bf5 11.Bg5 h6 12.Be3 d5 13.c5 Nc4 14.Bxc4 dxc4 15.Qa4 
Bd3 16.Rfd1 Qa5 17.Qxa5 Nxa5 18.Rac1 Rfd8 19.Rd2 Nc6 20.b3 g5 21.Nb5 Be4 
22.Rxc4 Bxf3 23.gxf3 Rd7 24.f4 a6 25.Na3 gxf4 26.Bxf4 Nxd4 27.Kg2 Rad8 28.
Nc2 Nc6 29.Rxd7 Rxd7 30.Nb4 Na5 31.Rc2 e5 32.Be3 Nc6 33.Nxc6 bxc6 34.Rc4 
f5 35.f3 Bf8 36.Ra4 Rd3 37.Bf2 Rd2 38.Kf1 Rc2 39.b4 Be7 40.Rxa6 Rc1+ 41.
Ke2 Rc2+ 42.Ke1 Rb2 43.Rxc6 Rxb4 44.Rb6 Rc4 45.c6 Bd6 46.Kd2 Bb4+ 47.Kd1 
Bd6 48.Ra6 Kf7 49.Be3 h5 50.Ke2 Bb4 51.Ra4 Ke6 52.Bd2 e4 53.Rxb4 exf3+ 54.
Kxf3 Rxc6 55.Be3 Rc2 56.a4 Ra2 57.Rb6+ Kf7 58.Ra6 Rh2 59.Kg3 Re2 60.Bf2 
Ra2 61.h4 Ra3+ 62.Kf4 Ra2 63.Bg3 Ra3 64.Be1 Ra1 65.Bc3 Rc1 66.Rc6 Rg1 67.
a5 Rg4+ 68.Kxf5 Rxh4 69.Rc7+ Ke8 70.Bf6 Ra4 71.Ke6 Re4+ 72.Be5 Kd8 73.Rh7 
Kc8 74.a6 Ra4 75.Rh8# 1-0

[Event "16th Reykjavik op"]
[Site "Reykjavik ISL"]
[Date "1994.02.08"]
[Round "4"]
[White "Halldorsson, Bragi"]
[Black "Happel, Hendrik"]
[Result "1-0"]
[WhiteElo "2225"]
[BlackElo "2270"]
[EventDate "1994.02.05"]
[PlyCount "114"]

1.d4 Nf6 2.c4 e6 3.Nc3 Bb4 4.f3 c5 5.d5 Bxc3+ 6.bxc3 d6 7.e4 e5 8.Bd3 Nbd7
9.Ne2 Nh5 10.Be3 Qh4+ 11.g3 Qf6 12.f4 exf4 13.gxf4 Qh4+ 14.Kd2 Ndf6 15.Qe1
Qxe1+ 16.Raxe1 Ng4 17.Ng3 Nxg3 18.hxg3 Nxe3 19.Rxe3 Bg4 20.Rh4 h5 21.Be2 
Bxe2 22.Rxe2 Kd7 23.Reh2 Rhe8 24.Kd3 g6 25.f5 Re5 26.fxg6 fxg6 27.g4 Rh8 
28.a4 Rg5 29.a5 Rh7 30.Rb2 Kc7 31.Rbh2 a6 32.Ke3 b6 33.axb6+ Kxb6 34.Rb2+ 
Ka7 35.Rf2 Kb7 36.Rb2+ Kc7 37.Ra2 Rxg4 38.Rxg4 hxg4 39.Rxa6 Rh3+ 40.Kf4 
Rxc3 41.Ra7+ Kd8 42.Rg7 Rxc4 43.Rxg6 Ke7 44.Kf5 Rd4 45.Rg7+ Ke8 46.Rxg4 
Kf7 47.Rh4 c4 48.Rh7+ Ke8 49.Ra7 c3 50.Rc7 Rb4 51.Rxc3 Kd7 52.Rh3 Ra4 53.
Rh7+ Ke8 54.e5 dxe5 55.Ke6 Kd8 56.d6 Kc8 57.Rh8+ 1-0

[Event "16th Reykjavik op"]
[Site "Reykjavik ISL"]
[Date "1994.02.08"]
[Round "4"]
[White "Karason, Askell"]
[Black "Olafsson, David"]
[Result "1-0"]
[WhiteElo "2225"]
[BlackElo "2270"]
[EventDate "1994.02.05"]
[PlyCount "132"]

1.d4 Nf6 2.c4 e6 3.Nc3 d5 4.cxd5 exd5 5.Bg5 c6 6.e3 h6 7.Bh4 Be7 8.Qc2 Ne4
9.Bxe7 Qxe7 10.Nxd5 cxd5 11.Qxc8+ Qd8 12.Qxd8+ Kxd8 13.f3 Nd6 14.Bd3 Nc6 
15.Kd2 Re8 16.Ne2 Nb4 17.Nc3 Rc8 18.Rhe1 f5 19.b3 Kd7 20.Bf1 Ke6 21.g3 Rc7
22.Rac1 Rec8 23.e4 dxe4 24.fxe4 Rd8 25.Bh3 Kf7 26.exf5 Ne8 27.Ne2 Re7 28.
Rc4 Nc6 29.Bg2 Nd6 30.Rc5 Ne4+ 31.Bxe4 Rxe4 32.d5 Ne7 33.Nf4 Rxe1 34.Kxe1 
Rd7 35.g4 b6 36.Rc2 Nxd5 37.Nxd5 Rxd5 38.Rc7+ Kf6 39.Rxa7 h5 40.h3 hxg4 
41.hxg4 Rd4 42.Rb7 Rxg4 43.Rxb6+ Kxf5 44.a4 Rg1+ 45.Kf2 Ra1 46.Kf3 g5 47.
Rb5+ Kg6 48.a5 Kh5 49.Kg3 Rg1+ 50.Kf2 Ra1 51.b4 Kg4 52.Ke3 Re1+ 53.Kd4 Ra1
54.Rb8 Kf5 55.Rf8+ Ke6 56.Kc5 Rd1 57.a6 Rd5+ 58.Kc4 Rd7 59.Rg8 Kd6 60.Kb5 
Kc7 61.Rxg5 Kb8 62.Ka5 Ka7 63.b5 Rd8 64.b6+ Ka8 65.Rc5 Rh8 66.a7 1-0

[Event "16th Reykjavik op"]
[Site "Reykjavik ISL"]
[Date "1994.02.08"]
[Round "4"]
[White "Link, Michael"]
[Black "Bjornsson, Bjorn"]
[Result "1/2-1/2"]
[WhiteElo "2290"]
[BlackElo "2200"]
[EventDate "1994.02.05"]
[PlyCount "108"]

1.e4 e5 2.Nf3 Nc6 3.Bb5 Nf6 4.O-O Nxe4 5.d4 Nd6 6.Bxc6 dxc6 7.dxe5 Nf5 8.
Qxd8+ Kxd8 9.Nbd2 Ke8 10.Re1 h6 11.Nb3 Be6 12.Nbd4 Nxd4 13.Nxd4 Bc5 14.
Nxe6 fxe6 15.Be3 Bxe3 16.Rxe3 Rd8 17.Kf1 Rd2 18.Re2 Rd5 19.Ke1 Rf8 20.Re4 
Rf5 21.f4 g5 22.c4 Rxf4 23.Rxf4 Rxe5+ 24.Kd2 gxf4 25.Rf1 Re4 26.b3 e5 27.
g3 c5 28.gxf4 exf4 29.Rf3 Kf7 30.Kd3 Rd4+ 31.Ke2 Kg6 32.Rf1 Kf5 33.Rg1 Ke4
34.Rg7 f3+ 35.Ke1 Ke3 36.Re7+ Re4 37.Rxc7 Kd4+ 38.Kf2 Re2+ 39.Kxf3 Rxh2 
40.Rxb7 Rxa2 41.b4 cxb4 42.Rxb4 a5 43.Rb6 a4 44.Rxh6 a3 45.Ra6 Ra1 46.Ra4 
Kc3 47.c5 Kb3 48.Ra6 Rc1 49.c6 Rc4 50.Ke3 a2 51.Rb6+ Kc2 52.Ra6 Kb2 53.
Rb6+ Kc2 54.Ra6 1/2-1/2

[Event "16th Reykjavik op"]
[Site "Reykjavik ISL"]
[Date "1994.02.08"]
[Round "4"]
[White "Briem, Stefan"]
[Black "Thorsson, Olafur"]
[Result "0-1"]
[WhiteElo "2205"]
[BlackElo "2180"]
[EventDate "1994.02.05"]
[PlyCount "70"]

1.f4 Nf6 2.Nf3 c5 3.e3 d5 4.d4 Bf5 5.c3 e6 6.Bd3 Bxd3 7.Qxd3 Nc6 8.O-O Be7
9.Nbd2 O-O 10.b3 Qc7 11.Ne5 a6 12.a4 Rab8 13.Nxc6 Qxc6 14.Ba3 b5 15.axb5 
axb5 16.c4 Rfe8 17.Rfc1 cxd4 18.Bxe7 Rxe7 19.exd4 bxc4 20.bxc4 dxc4 21.
Rxc4 Qd6 22.g3 Rc7 23.Ra5 g6 24.Rxc7 Qxc7 25.Rc5 Qa7 26.Qc3 Nd5 27.Qc1 Qa4
28.Rc4 Qa6 29.Nf3 Rb3 30.Nd2 Rd3 31.Ne4 Ne3 32.Rc8+ Kg7 33.Nf2 Ra3 34.Rb8 
Ra1 35.Rb1 Qb7 0-1

[Event "16th Reykjavik op"]
[Site "Reykjavik ISL"]
[Date "1994.02.09"]
[Round "5"]
[White "Stefansson, Hannes Hlifar"]
[Black "Atalik, Suat"]
[Result "1-0"]
[WhiteElo "2525"]
[BlackElo "2530"]
[EventDate "1994.02.05"]
[PlyCount "136"]

1.e4 c5 2.Nf3 e6 3.d4 cxd4 4.Nxd4 Qb6 5.Nb3 Qc7 6.Nc3 a6 7.Bd3 b5 8.O-O b4
9.Ne2 Nf6 10.Bf4 Bd6 11.Bxd6 Qxd6 12.Ng3 Qf4 13.a3 bxa3 14.Rxa3 Nc6 15.Qd2
Qxd2 16.Nxd2 Rb8 17.Nc4 d5 18.exd5 Nxd5 19.Ne4 O-O 20.c3 Rd8 21.Be2 a5 22.
Nc5 Rb5 23.Nb3 Nf4 24.Bf3 Ba6 25.Nbxa5 Nxa5 26.Nxa5 Rxb2 27.Rfa1 Rdb8 28.
h4 g6 29.Nc6 Rb1+ 30.Kh2 Rxa1 31.Rxa1 Rb6 32.Ne5 Nd3 33.Nd7 Rd6 34.Nf6+ 
Kh8 35.Be2 Nc5 36.Ra5 e5 37.Rxc5 Rxf6 38.Bxa6 Rxa6 39.Rxe5 Rc6 40.Re3 Kg7 
41.Kg3 f5 42.f4 Kf6 43.Kf3 h6 44.Ke2 g5 45.hxg5+ hxg5 46.fxg5+ Kxg5 47.Kd3
f4 48.Re8 Rd6+ 49.Ke4 Rc6 50.Kd4 Rd6+ 51.Ke5 Rc6 52.Kd4 Rd6+ 53.Kc5 Rg6 
54.Re2 Kg4 55.c4 Kg3 56.Kd5 Rg5+ 57.Ke4 Rg4 58.Kd5 Rg5+ 59.Kd4 Rg4 60.Kd3 
Kh2 61.Rf2 Kg3 62.Rc2 Rg8 63.c5 Rd8+ 64.Kc4 Rc8 65.Rb2 Rc7 66.Kd5 Rd7+ 67.
Ke6 Rd1 68.Rc2 Rd8 1-0